| 000 | 01042nam a2200313 a 4500 | ||
|---|---|---|---|
| 005 | 20200104041529.0 | ||
| 008 | 140304t2001 ec ad fr|||| 000 0 spa d | ||
| 020 | _a997841620X | ||
| 040 |
_aCO-BoIAVH _cCO-BoIAVH |
||
| 041 | 0 | _aspa | |
| 044 | _aec | ||
| 082 | 0 | 4 |
_a372.357 _bM66b |
| 110 | 2 |
_bMinisterio del Medio Ambiente _aEcuador. |
|
| 245 | 1 | 3 |
_aLa biodiversidad del Ecuador : _binforme 2000 |
| 260 |
_aQuito : _bMinisterio del Medio Ambiente : _bEcoCiencia : _bUICN, _c2001. |
||
| 300 |
_a368 páginas : _bfotografías; _c30 x 21 cm. _eCD-ROM |
||
| 650 | 6 | _aBiodiversidad | |
| 650 | 6 | _aDiversidad beta | |
| 650 | 6 | _aDiversidad genética | |
| 650 | 6 | _aDiversidad alfa | |
| 650 | 6 | _aDiversidad de ecosistemas | |
| 650 | 6 | _aConservación in situ | |
| 650 | 6 | _aConservación ex situ | |
| 650 | 6 | _aManejo de biodiversidad | |
| 650 | 6 | _aEspecies prioritarias de conservación | |
| 662 | _aEcuador | ||
| 700 | 1 |
_aJosse, Carmen _eEditora |
|
| 942 |
_cLIBRO _2ddc |
||
| 999 |
_c2187 _d2187 |
||